General Knowledge: Geography - Statistics

General Stats
  • This quiz has been taken 44 times
  • The average score is 13 of 25
Answer Stats
Hint Answer % Correct
What is the southernmost US state? Hawaii
92%
Ethiopia, Eritrea, Djibouti and Eritrea are all countries on the what of Africa Horn
87%
What is the largest island in the Mediterranean Sea? Sicily
87%
Greek letter that also means where a river splits into multiple smaller rivers flowing into the sea Delta
82%
What is a piece of land only connected to the mainland from one side? Penninsula
77%
This river forms part of the border between USA and Mexico Rio Grande
72%
Capital city in Northern Europe built on an archipelago of over 20,000 islands and islets Stockholm
72%
Name either of the double landlocked nations Liechtenstein/Uzbekistan
69%
Rapid flow of snow down a slope Avalanche
64%
Word used as the full name or part of the name of 3 West African countries Guinea
64%
City in India famous for the Taj Mahal Agra
59%
Volcanic mountain in Turkey, reputed to have been the resting place of Noah's Ark Ararat
54%
This heavily populated country in Asia consists of 28 states and 8 Union Territories India
49%
A type of biome where tree growth is hindered by frigid temperatures and short growing seasons. There are 3 main types, Arctic, alpine and Antarctic Tundra
46%
The world's largest landlocked country that does not border a closed sea, also the world's most sparsely populated sovereign state Mongolia
44%
The Kowloon Peninsula is part of this Special Administrative Region of China Hong Kong
41%
The sea which separates Australia from New Zealand Tasman Sea
38%
This island is part of Chile; its people are known as Rapa Nui Easter Island
33%
A sea within the Atlantic Ocean particularly known for its seaweed Sargasso Sea
31%
A U-shaped lake or pool that forms when a wide meander of a river is cut off, creating a free-standing body of water. Oxbow lake
28%
Straight within the city of Istanbul that forms part of the boundary between Europe and Asia Bosporus
23%
Island in the Indian Ocean, much closer to Indonesia than Australia, which administers it. It was first named in December 1643 Christmas Island
21%
Which mountain is the highest mountain above sea level? Chimborazo
15%
Longest river in the British Isles Shannon
10%
National Park in Australia's Northern Territory, roughly the size of Wales Kakadu
5%
No matching quizzes found
Score Distribution
Percent of People with Each Score
Percentile by Number Answered
Your Score History
You have not taken this quiz